[Event "Managua NCA Select-1"]
[Site "Managua"]
[Date "2021.05.15"]
[Round "6"]
[White "Espinoza, Jose"]
[Black "Ruiz, Juan Bosco"]
[Result "1/2-1/2"]
[WhiteElo "2156"]
[BlackElo "2072"]
[PlyCount "75"]
[EventDate "2021.05.10"]
[EventType "tourn"]
[EventRounds "9"]
[EventCountry "NCA"]
[SourceTitle "EXT 2022"]
[Source "ChessBase"]
[SourceDate "2021.10.06"]
[SourceVersion "1"]
[SourceVersionDate "2021.10.06"]
[SourceQuality "1"]

1. e4 e5 2. Nf3 Nc6 3. d4 exd4 4. Nxd4 Nf6 5. Nxc6 bxc6 6. e5 Qe7 7. Qe2 Nd5 8. g3 g6 9. c4 Ba6 10. Bg2 Qb4+ 11. Nd2 Bg7 12. 0-0 0-0 13. a3 Qe7 14. Qe4 Nb6 15. Re1 Rae8 16. Nf3 Bxc4 17. Bf4 Be6 18. Rac1 Nd5 19. Bg5 f6 20. exf6 Bxf6 21. Bh6 Bg7 22. Bg5 Qf7 23. Qc2 h6 24. Bd2 Rb8 25. Bc3 Nxc3 26. bxc3 Bd5 27. Re3 Rbe8 28. Rce1 Rxe3 29. Rxe3 Re8 30. Qe2 Rxe3 31. Qxe3 Qf5 32. h4 a5 33. Nd4 Bxd4 34. cxd4 Bxg2 35. Kxg2 Qf8 36. a4 Kh7 37. Qe5 Qf5 38. Qe7+ 1/2-1/2

[Event "NCA-chT Final"]
[Site "Managua"]
[Date "2020.10.31"]
[Round "6.3"]
[White "Sanchez, Steven"]
[Black "Ruiz, Juan Bosco"]
[Result "0-1"]
[WhiteElo "2010"]
[BlackElo "2046"]
[PlyCount "52"]
[EventDate "2020.10.24"]
[EventType "team-tourn"]
[EventRounds "11"]
[EventCountry "NCA"]
[SourceTitle "EXT 2022"]
[Source "ChessBase"]
[SourceDate "2021.10.06"]
[SourceVersion "1"]
[SourceVersionDate "2021.10.06"]
[SourceQuality "1"]

1. d4 d5 2. Bf4 c5 3. c3 e6 4. e3 Bd6 5. Nf3 Nf6 6. Nbd2 0-0 7. Ne5 Qc7 8. Bd3 Nbd7 9. Ndf3 b6 10. h4 Ne4 11. Nxd7 Bxd7 12. Bxe4 dxe4 13. Bxd6 Qxd6 14. dxc5 Qxc5 15. Ng5 Bc6 16. Qd4 Qf5 17. 0-0-0 h6 18. Nh3 Rfd8 19. Qxd8+ Rxd8 20. Rxd8+ Kh7 21. Rd4 e5 22. Rd6 Bd7 23. Rd2 Be6 24. b3 Qg4 25. g3 Qf3 26. Rh2 Bxh3 0-1

[Event "NCA-chT Final"]
[Site "Managua"]
[Date "2020.10.25"]
[Round "2.3"]
[White "Ruiz, Juan Bosco"]
[Black "Bravo, William"]
[Result "1/2-1/2"]
[WhiteElo "2046"]
[BlackElo "2163"]
[PlyCount "49"]
[EventDate "2020.10.24"]
[EventType "team-tourn"]
[EventRounds "11"]
[EventCountry "NCA"]
[SourceTitle "EXT 2022"]
[Source "ChessBase"]
[SourceDate "2021.10.06"]
[SourceVersion "1"]
[SourceVersionDate "2021.10.06"]
[SourceQuality "1"]

1. e4 e5 2. Nf3 Nc6 3. Bb5 a6 4. Bxc6 dxc6 5. 0-0 f6 6. d4 Bg4 7. dxe5 Qxd1 8. Rxd1 fxe5 9. h3 Bxf3 10. gxf3 Nf6 11. Nc3 Nh5 12. Ne2 g6 13. f4 Bg7 14. fxe5 Bxe5 15. Bh6 Rd8 16. f4 Bxb2 17. Rxd8+ Kxd8 18. Rb1 Ba3 19. Rxb7 Kc8 20. Rb3 Bf8 21. Bxf8 Rxf8 22. Rf3 Re8 23. Re3 Rf8 24. Rf3 Re8 25. Re3 1/2-1/2

[Event "NCA-chT Final"]
[Site "Managua"]
[Date "2020.10.25"]
[Round "3.2"]
[White "Ruiz, Juan Bosco"]
[Black "Escorcia Obando, Carlos David"]
[Result "1/2-1/2"]
[WhiteElo "2046"]
[BlackElo "1831"]
[PlyCount "74"]
[EventDate "2020.10.24"]
[EventType "team-tourn"]
[EventRounds "11"]
[EventCountry "NCA"]
[SourceTitle "EXT 2022"]
[Source "ChessBase"]
[SourceDate "2021.10.06"]
[SourceVersion "1"]
[SourceVersionDate "2021.10.06"]
[SourceQuality "1"]

1. e4 e5 2. Nf3 Nc6 3. Bb5 Nf6 4. 0-0 Nxe4 5. Re1 Nd6 6. Nxe5 Be7 7. Nxc6 dxc6 8. Bf1 0-0 9. Nc3 Nf5 10. b3 Be6 11. Bb2 Bf6 12. Bd3 Re8 13. Na4 Bxb2 14. Nxb2 Qg5 15. Bxf5 Bxf5 16. d3 h5 17. Nc4 Bg4 18. Qd2 Qf6 19. Rxe8+ Rxe8 20. Re1 Re6 21. h3 Bf5 22. Rxe6 Bxe6 23. a4 b5 24. axb5 cxb5 25. Ne3 Qa1+ 26. Kh2 Qe5+ 27. Kg1 Qa1+ 28. Kh2 a5 29. d4 c6 30. c4 a4 31. bxa4 bxa4 32. Qd1 Qc3 33. g3 Kf8 34. d5 cxd5 35. Nxd5 Bxd5 36. Qxd5 Qb3 37. Qc5+ Kg8 1/2-1/2

[Event "NCA-chT Final"]
[Site "Managua"]
[Date "2020.10.24"]
[Round "1.1"]
[White "Mayorga Bohorquez, David Antonio"]
[Black "Ruiz, Juan Bosco"]
[Result "0-1"]
[WhiteElo "1624"]
[BlackElo "2046"]
[PlyCount "58"]
[EventDate "2020.10.24"]
[EventType "team-tourn"]
[EventRounds "11"]
[EventCountry "NCA"]
[SourceTitle "EXT 2022"]
[Source "ChessBase"]
[SourceDate "2021.10.06"]
[SourceVersion "1"]
[SourceVersionDate "2021.10.06"]
[SourceQuality "1"]

1. e4 d5 2. e5 c5 3. Nf3 Nc6 4. Be2 Bg4 5. Bb5 Qb6 6. Nc3 e6 7. h3 Bh5 8. g4 Bg6 9. Nh4 d4 10. Nxg6 hxg6 11. Ne4 Qxb5 12. f4 d3 13. c3 Qc4 14. Qf3 Qd5 15. 0-0 Nh6 16. b3 0-0-0 17. Bb2 Be7 18. Rfe1 Kb8 19. Re3 c4 20. b4 f5 21. exf6 gxf6 22. Qg3 Ka8 23. a4 f5 24. Nf2 g5 25. Rae1 gxf4 26. Qxf4 e5 27. Qh2 fxg4 28. Re4 gxh3 29. b5 Nb8 0-1

[Event "NCA-chT final"]
[Site "Managua"]
[Date "2019.11.09"]
[Round "6.2"]
[White "Alfaro Caracas, William"]
[Black "Ruiz, Juan Bosco"]
[Result "1/2-1/2"]
[WhiteElo "2103"]
[BlackElo "2037"]
[PlyCount "48"]
[EventDate "2019.10.26"]
[EventType "team-tourn"]
[EventRounds "11"]
[EventCountry "NCA"]
[SourceTitle "EXT 2021"]
[Source "ChessBase"]
[SourceDate "2020.10.23"]
[SourceVersion "1"]
[SourceVersionDate "2020.10.23"]
[SourceQuality "1"]
[WhiteTeam "Dominican Power"]
[BlackTeam "Granada"]
[WhiteTeamCountry "NCA"]
[BlackTeamCountry "NCA"]

1. e4 c5 2. d4 cxd4 3. c3 dxc3 4. Nxc3 Nc6 5. Nf3 d6 6. Bc4 Nf6 7. 0-0 e6 8. Qe2 a6 9. Rd1 Qc7 10. Bf4 e5 11. Bg5 Be6 12. Rac1 Bxc4 13. Qxc4 Be7 14. Nd5 Qd8 15. Qb3 Nxd5 16. exd5 Na5 17. Qe3 b5 18. Bxe7 Kxe7 19. Nd4 Re8 20. Nc6+ Nxc6 21. Rxc6 Kf8 22. Qa3 a5 23. Qxd6+ Qxd6 24. Rxd6 Rec8 1/2-1/2

[Event "Managua Linicad rap op 2nd"]
[Site "Managua"]
[Date "2019.07.07"]
[Round "6"]
[White "Castillo, Rommel"]
[Black "Ruiz, Juan Bosco"]
[Result "1/2-1/2"]
[WhiteElo "2053"]
[BlackElo "2041"]
[PlyCount "44"]
[EventDate "2019.07.06"]
[EventType "swiss (rapid)"]
[EventRounds "7"]
[EventCountry "NCA"]
[SourceTitle "EXT 2020"]
[Source "ChessBase"]
[SourceDate "2019.10.17"]
[SourceVersion "1"]
[SourceVersionDate "2019.10.17"]
[SourceQuality "1"]

1. c4 e5 2. Nc3 Nf6 3. e4 Bc5 4. Be2 d6 5. Nf3 Nc6 6. 0-0 Bg4 7. d3 0-0 8. Be3 Bxf3 9. Bxf3 Nd4 10. Bxd4 Bxd4 11. Nb5 Bb6 12. d4 exd4 13. Nxd4 Bxd4 14. Qxd4 Nd7 15. g3 a5 16. Bg2 Nc5 17. e5 Ne6 18. Qe3 dxe5 19. Qxe5 c6 20. Rad1 Qb6 21. Rd2 Qc5 22. Qxc5 Nxc5 1/2-1/2

[Event "Managua Linicad rap op 2nd"]
[Site "Managua"]
[Date "2019.07.07"]
[Round "7"]
[White "Granados Lopez, Fidel"]
[Black "Ruiz, Juan Bosco"]
[Result "1/2-1/2"]
[WhiteElo "1762"]
[BlackElo "2041"]
[PlyCount "35"]
[EventDate "2019.07.06"]
[EventType "swiss (rapid)"]
[EventRounds "7"]
[EventCountry "NCA"]
[SourceTitle "EXT 2020"]
[Source "ChessBase"]
[SourceDate "2019.10.17"]
[SourceVersion "1"]
[SourceVersionDate "2019.10.17"]
[SourceQuality "1"]

1. e4 d5 2. exd5 Nf6 3. Nf3 Nxd5 4. d4 g6 5. Be2 Bg7 6. c3 0-0 7. 0-0 Nd7 8. Be3 Nxe3 9. fxe3 c5 10. Nbd2 e5 11. dxe5 Nxe5 12. Nxe5 Bxe5 13. Nf3 Bg7 14. Qxd8 Rxd8 15. Rad1 Be6 16. Rxd8+ Rxd8 17. Rd1 Rxd1+ 18. Bxd1 1/2-1/2

[Event "Managua Linicad rap op 2nd"]
[Site "Managua"]
[Date "2019.07.06"]
[Round "1"]
[White "Delgado, Eliseo"]
[Black "Ruiz, Juan Bosco"]
[Result "0-1"]
[WhiteElo "1531"]
[BlackElo "2041"]
[PlyCount "71"]
[EventDate "2019.07.06"]
[EventType "swiss (rapid)"]
[EventRounds "7"]
[EventCountry "NCA"]
[SourceTitle "EXT 2020"]
[Source "ChessBase"]
[SourceDate "2019.10.17"]
[SourceVersion "1"]
[SourceVersionDate "2019.10.17"]
[SourceQuality "1"]

1. d4 d5 2. Nf3 Nf6 3. Bf4 e6 4. e3 c5 5. c3 Nc6 6. Nbd2 Bd6 7. Bg3 0-0 8. Bd3 b6 9. 0-0 Bb7 10. a3 Qc7 11. Rc1 Bxg3 12. hxg3 Rfe8 13. Qc2 Rac8 14. Rfe1 h6 15. b4 c4 16. Bf1 b5 17. a4 a6 18. axb5 axb5 19. Ra1 Ra8 20. Qb2 Nd7 21. Rxa8 Rxa8 22. Ra1 Rxa1 23. Qxa1 Qb8 24. Be2 Qa7 25. Qxa7 Nxa7 26. Nb1 Kf8 27. Kf1 Ke7 28. Ng1 f6 29. f4 e5 30. Ke1 exd4 31. exd4 Kd6 32. Nf3 Bc8 33. Nh4 Nb6 34. f5 Bd7 35. g4 Nc6 36. Bf3 0-1

[Event "Managua Linicad rap op 2nd"]
[Site "Managua"]
[Date "2019.07.06"]
[Round "3"]
[White "Ruiz, Juan Bosco"]
[Black "Avalos, Carlos"]
[Result "1-0"]
[WhiteElo "2041"]
[BlackElo "1839"]
[PlyCount "67"]
[EventDate "2019.07.06"]
[EventType "swiss (rapid)"]
[EventRounds "7"]
[EventCountry "NCA"]
[SourceTitle "EXT 2020"]
[Source "ChessBase"]
[SourceDate "2019.10.17"]
[SourceVersion "1"]
[SourceVersionDate "2019.10.17"]
[SourceQuality "1"]

1. d4 d6 2. Nf3 Nd7 3. e4 e5 4. dxe5 dxe5 5. Bc4 h6 6. Bxf7+ Kxf7 7. Nxe5+ Kf6 8. Qd4 Qe8 9. Nxd7+ Ke7 10. Nxf8 Kxf8 11. 0-0 Be6 12. Bf4 Qc6 13. Nc3 Nf6 14. e5 Nd5 15. Ne2 Qxc2 16. Rfe1 c6 17. Rac1 Qf5 18. Be3 g5 19. Qc5+ Kg8 20. Nd4 Qf7 21. Nxe6 Qxe6 22. Qd6 Qxd6 23. exd6 Rd8 24. Bd4 Rh7 25. Re6 Rhd7 26. Rg6+ Kf8 27. Be5 Nf4 28. Rxh6 Nd3 29. Bf6 Rxd6 30. Rh8+ Kf7 31. Rxd8 Rxd8 32. Bxd8 Nxc1 33. Bxg5 Nxa2 34. Bd2 1-0

[Event "NCA-ch"]
[Site "Managua"]
[Date "2019.03.10"]
[Round "6"]
[White "Ruiz, Juan Bosco"]
[Black "Velasquez, Rommel"]
[Result "1/2-1/2"]
[WhiteElo "2034"]
[BlackElo "2011"]
[PlyCount "102"]
[EventDate "2019.03.02"]
[EventType "tourn"]
[EventRounds "11"]
[EventCountry "NCA"]
[SourceTitle "EXT 2020"]
[Source "ChessBase"]
[SourceDate "2019.10.17"]
[SourceVersion "1"]
[SourceVersionDate "2019.10.17"]
[SourceQuality "1"]

1. e4 c6 2. d4 d5 3. exd5 cxd5 4. Bf4 Nc6 5. c3 Nf6 6. Bd3 g6 7. Nd2 Bg7 8. Ngf3 0-0 9. h3 Nh5 10. Bh2 Bh6 11. 0-0 Bf4 12. Re1 Bxh2+ 13. Kxh2 Qd6+ 14. g3 Bd7 15. Ne5 Nxe5 16. Rxe5 Ng7 17. Qf3 Bc6 18. Rae1 e6 19. Qf6 Qd8 20. Qf4 Qd7 21. Qh6 f6 22. R5e2 Rae8 23. Nf3 Bb5 24. Bxb5 Qxb5 25. Kg2 Qc6 26. Kg1 b5 27. Qd2 a5 28. a3 Rb8 29. Rc1 Rfc8 30. Qf4 Nh5 31. Qg4 Ng7 32. Qf4 Rb7 33. Nh2 Nh5 34. Qh6 b4 35. axb4 axb4 36. g4 Ng7 37. Qf4 Rf7 38. Ree1 Qc7 39. Qe3 bxc3 40. Rxc3 Qd8 41. Rxc8 Qxc8 42. Rc1 Rc7 43. Rxc7 Qxc7 44. g5 f5 45. Nf3 Qc2 46. Qa3 Qc8 47. Ne5 Qc1+ 48. Kh2 Qf4+ 49. Kh1 Qc1+ 50. Kh2 Qf4+ 51. Kg1 Qc1+ 1/2-1/2

[Event "NCA-ch"]
[Site "Managua"]
[Date "2019.03.03"]
[Round "3"]
[White "Picado, Jorge Luis"]
[Black "Ruiz, Juan Bosco"]
[Result "1-0"]
[WhiteElo "2199"]
[BlackElo "2034"]
[PlyCount "95"]
[EventDate "2019.03.02"]
[EventType "tourn"]
[EventRounds "11"]
[EventCountry "NCA"]
[SourceTitle "EXT 2020"]
[Source "ChessBase"]
[SourceDate "2019.10.17"]
[SourceVersion "1"]
[SourceVersionDate "2019.10.17"]
[SourceQuality "1"]

1. e4 e5 2. Nf3 d6 3. d4 exd4 4. Nxd4 Nf6 5. Nc3 g6 6. Be2 Bg7 7. Bg5 h6 8. Be3 Nc6 9. f3 Bd7 10. Qd2 a6 11. 0-0-0 Nxd4 12. Bxd4 Bc6 13. g4 Qe7 14. Rhe1 0-0-0 15. Nd5 Bxd5 16. exd5 Qf8 17. Qa5 Nd7 18. Bxa6 Bxd4 19. Rxd4 Re8 20. Rxe8+ Qxe8 21. Re4 Qd8 22. Bb5 Nb6 23. Qd2 Qf6 24. Qe3 Kb8 25. c4 h5 26. g5 Qf5 27. h4 Qh3 28. a4 Qf1+ 29. Kc2 Rf8 30. Qf4 Qf2+ 31. Kb1 Qf1+ 32. Ka2 Qd1 33. Rd4 Qe1 34. Kb3 Nc8 35. Re4 Qd1+ 36. Kb4 Qc2 37. Qf6 Qd2+ 38. Kb3 Qd1+ 39. Ka2 Nb6 40. Qe7 Rc8 41. Re3 Qd4 42. Qe4 Qd1 43. Rb3 Qd2 44. Qe3 Qc2 45. Qd4 Qf5 46. Qc3 Nd7 47. Bc6 b6 48. Qa5 1-0

[Event "NCA-ch"]
[Site "Managua"]
[Date "2019.03.02"]
[Round "1"]
[White "Alfaro Caracas, William"]
[Black "Ruiz, Juan Bosco"]
[Result "0-1"]
[WhiteElo "2144"]
[BlackElo "2034"]
[PlyCount "80"]
[EventDate "2019.03.02"]
[EventType "tourn"]
[EventRounds "11"]
[EventCountry "NCA"]
[SourceTitle "EXT 2020"]
[Source "ChessBase"]
[SourceDate "2019.10.17"]
[SourceVersion "1"]
[SourceVersionDate "2019.10.17"]
[SourceQuality "1"]

1. d4 d5 2. c4 e6 3. Nc3 Nf6 4. Bg5 Be7 5. e3 0-0 6. Nf3 h6 7. Bh4 b6 8. cxd5 Nxd5 9. Bxe7 Qxe7 10. Nxd5 exd5 11. Rc1 Qb4+ 12. Qd2 Qxd2+ 13. Kxd2 c6 14. Ne5 Bb7 15. Bd3 Re8 16. f4 f6 17. Bg6 Re7 18. Nd3 Nd7 19. Bf5 Nf8 20. Rhe1 g6 21. Bg4 Rd8 22. h4 Ne6 23. f5 gxf5 24. Bxf5 Kf7 25. Rf1 Rd6 26. Rf3 Ba6 27. Rg3 Bxd3 28. Kxd3 Nf8 29. a4 a5 30. Rc3 Rc7 31. Rb3 c5 32. dxc5 Rxc5 33. Rg4 h5 34. Rd4 Ne6 35. Bxe6+ Kxe6 36. e4 dxe4+ 37. Kxe4 f5+ 38. Kd3 Rc1 39. g3 Rd1+ 40. Ke3 R1xd4 0-1

[Event "NCA-chT"]
[Site "Managua"]
[Date "2015.11.28"]
[Round "7.4"]
[White "Leon Sandoval, Johan"]
[Black "Ruiz, Juan Bosco"]
[Result "0-1"]
[WhiteElo "1704"]
[BlackElo "2028"]
[PlyCount "62"]
[EventDate "2015.11.14"]
[EventType "team-tourn"]
[EventRounds "9"]
[EventCountry "NCA"]
[SourceTitle "EXT 2018"]
[Source "ChessBase"]
[SourceDate "2017.10.13"]
[SourceVersion "1"]
[SourceVersionDate "2017.10.13"]
[SourceQuality "1"]
[WhiteTeam "Joaquin Hurtado"]
[BlackTeam "St Augustine School"]
[WhiteTeamCountry "NCA"]
[BlackTeamCountry "NCA"]

1. c4 e5 2. Nc3 Nf6 3. g3 Bb4 4. Bg2 0-0 5. d3 d5 6. cxd5 Nxd5 7. Bd2 Nxc3 8. bxc3 Bd6 9. Nf3 Nc6 10. 0-0 Bd7 11. Rb1 Rb8 12. a4 b6 13. Qc2 h6 14. d4 a5 15. e4 Qe8 16. d5 Ne7 17. Ra1 f5 18. c4 Ng6 19. exf5 Bxf5 20. Qb2 Bd3 21. Rfc1 Bc5 22. Qc3 e4 23. Nd4 Ne5 24. Be3 Rf6 25. Qb3 Ng4 26. Ra2 Qh5 27. h3 Nxe3 28. fxe3 Qg5 29. Kh2 Bxd4 30. exd4 Qxc1 31. c5 Bc4 0-1

[Event "NCA-chT"]
[Site "Managua"]
[Date "2015.11.14"]
[Round "1.3"]
[White "Ruiz, Juan Bosco"]
[Black "Cruz, Leonel"]
[Result "0-1"]
[WhiteElo "2028"]
[BlackElo "1835"]
[PlyCount "84"]
[EventDate "2015.11.14"]
[EventType "team-tourn"]
[EventRounds "9"]
[EventCountry "NCA"]
[SourceTitle "EXT 2018"]
[Source "ChessBase"]
[SourceDate "2017.10.13"]
[SourceVersion "1"]
[SourceVersionDate "2017.10.13"]
[SourceQuality "1"]
[WhiteTeam "St Augustine School"]
[BlackTeam "Jane Allen's Knights"]
[WhiteTeamCountry "NCA"]
[BlackTeamCountry "NCA"]

1. e4 d5 2. exd5 Nf6 3. d4 c6 4. dxc6 Nxc6 5. Nf3 e5 6. Bc4 exd4 7. 0-0 Be7 8. c3 Bg4 9. cxd4 0-0 10. Be3 Bxf3 11. Qxf3 Nxd4 12. Qd1 Nf5 13. Bg5 h6 14. Bc1 Qxd1 15. Rxd1 Rfd8 16. Rxd8+ Rxd8 17. Nc3 Bb4 18. Bb3 Nd4 19. Be3 Nxb3 20. axb3 a6 21. h3 Rd3 22. Rd1 Rxd1+ 23. Nxd1 Ne4 24. Kf1 Nc5 25. Bxc5 Bxc5 26. Ke2 Kf8 27. Kd3 Ke7 28. Kc4 Kd6 29. b4 b5+ 30. Kb3 Bb6 31. Kc2 Ke5 32. Kd3 f5 33. f3 Kf4 34. Ke2 Kg3 35. Kf1 Bd4 36. Nc3 Bxc3 37. bxc3 g5 38. Kg1 h5 39. Kf1 Kh2 40. Kf2 g4 41. hxg4 hxg4 42. f4 Kh1 0-1

[Event "Managua Sub zt 2.3"]
[Site "Managua"]
[Date "2014.05.01"]
[Round "7"]
[White "Ruiz, Juan Bosco"]
[Black "Quinonez Centeno, Carlos David"]
[Result "1-0"]
[WhiteElo "2001"]
[BlackElo "2326"]
[PlyCount "61"]
[EventDate "2014.04.27"]
[EventType "swiss"]
[EventRounds "9"]
[EventCountry "NCA"]
[SourceTitle "EXT 2015"]
[Source "ChessBase"]
[SourceDate "2014.11.20"]
[SourceVersion "1"]
[SourceVersionDate "2014.11.20"]
[SourceQuality "1"]

1. e4 g6 2. d4 Bg7 3. Nc3 d6 4. f4 a6 5. Be3 b5 6. Nf3 Bb7 7. Bd3 Nd7 8. e5 e6 9. 0-0 Ne7 10. Be4 Bxe4 11. Nxe4 d5 12. Ned2 Nf5 13. Bf2 h5 14. c3 Bh6 15. Qc2 Bxf4 16. a4 c6 17. b3 Bh6 18. axb5 axb5 19. c4 bxc4 20. bxc4 0-0 21. h3 Rxa1 22. Rxa1 Bf4 23. c5 Nb8 24. Nf1 Qe7 25. g3 Bg5 26. Rb1 Bh6 27. g4 hxg4 28. hxg4 Ng7 29. Bh4 g5 30. Bg3 Ne8 31. Rxb8 1-0

[Event "Managua Sub zt 2.3"]
[Site "Managua"]
[Date "2014.04.28"]
[Round "3"]
[White "Ruiz, Juan Bosco"]
[Black "Jimenez Martinez, Alexander"]
[Result "1-0"]
[WhiteElo "2001"]
[BlackElo "1774"]
[PlyCount "36"]
[EventDate "2014.04.27"]
[EventType "swiss"]
[EventRounds "9"]
[EventCountry "NCA"]
[SourceTitle "EXT 2015"]
[Source "ChessBase"]
[SourceDate "2014.11.20"]
[SourceVersion "1"]
[SourceVersionDate "2014.11.20"]
[SourceQuality "1"]

1. e4 c5 2. Nf3 d6 3. Bb5+ Bd7 4. a4 Nc6 5. 0-0 Nf6 6. Nc3 a6 7. Bc4 e6 8. Re1 Qc7 9. d3 Be7 10. Bg5 0-0 11. Qd2 Rab8 12. Ne2 Rfe8 13. Ng3 Na5 14. Ba2 Nc6 15. c3 b5 16. axb5 axb5 17. d4 cxd4 18. cxd4 h6 1-0

[Event "NCA-ch"]
[Site "Managua"]
[Date "2011.09.03"]
[Round "6"]
[White "David, Alarcon"]
[Black "Ruiz, Juan Bosco"]
[Result "1/2-1/2"]
[WhiteElo "2112"]
[BlackElo "1986"]
[PlyCount "135"]
[EventDate "2011.08.20"]
[EventType "swiss"]
[EventRounds "9"]
[EventCountry "NCA"]
[SourceTitle "CBM 144 Extra"]
[Source "ChessBase"]
[SourceDate "2011.10.28"]
[SourceVersion "1"]
[SourceVersionDate "2011.10.28"]
[SourceQuality "1"]

1. e4 c5 2. Nf3 Nc6 3. d4 cxd4 4. Nxd4 Nf6 5. Nc3 e5 6. Ndb5 Bb4 7. Bg5 0-0 8. a3 Be7 9. Bxf6 Bxf6 10. Nd5 Bg5 11. Nd6 Ne7 12. Bc4 Nxd5 13. Qxd5 Qf6 14. Ke2 Qe6 15. Qd3 Qg4+ 16. Kf1 Be7 17. f3 Qf4 18. Nf5 Bc5 19. b4 Bb6 20. h4 d5 21. g3 dxe4 22. Ne7+ Kh8 23. gxf4 exd3 24. cxd3 exf4 25. Nd5 Bd4 26. Re1 a5 27. Nxf4 axb4 28. axb4 b5 29. Bxb5 Bc3 30. Rb1 Rb8 31. Nd5 Bd4 32. Bc4 Bb7 33. Kg2 Rbd8 34. Nf4 Be3 35. Ne2 f5 36. Rbd1 Rd6 37. h5 g5 38. d4 Rc8 39. Bb3 f4 40. d5 Ba6 41. Nd4 Rc3 42. Nf5 Rd8 43. Ba4 Bb7 44. Ne7 g4 45. fxg4 f3+ 46. Kg3 Bg5 47. Nc6 Rf8 48. Bb5 Rc2 49. Rd3 f2 50. Rf3 Rxf3+ 51. Kxf3 Rd2 52. Bc4 Rc2 53. Bb5 Rd2 54. Ke4 Bc8 55. Ne5 Be7 56. Rb1 Kg7 57. Bc4 Bd6 58. h6+ Kf8 59. Nf3 Rc2 60. Bd3 Rc3 61. Kd4 Rxd3+ 62. Kxd3 f1Q+ 63. Rxf1 Ba6+ 64. Kd4 Bxf1 65. Ng5 Kg8 66. Ne4 Bxb4 67. d6 Kf7 68. Ke5 1/2-1/2